Low Cis polymerization of butadiene using TiCl4 and bisupported with SiO2/MgCl2(Ethoxide type) TiCl4 catalysts (Record no. 62292)

MARC details
000 -LEADER
fixed length control field 00476nam a2200157Ia 4500
100 ## - MAIN ENTRY--AUTHOR NAME
Personal name Zohuri G H
245 #0 - TITLE STATEMENT
Title Low Cis polymerization of butadiene using TiCl4 and bisupported with SiO2/MgCl2(Ethoxide type) TiCl4 catalysts
260 ## - PUBLICATION, DISTRIBUTION, ETC. (IMPRINT)
Name of publisher Rubber Chemistry and Technology
Year of publication 2004
300 ## - PHYSICAL DESCRIPTION
Number of Pages 736-744
650 ## - SUBJECT ADDED ENTRY--TOPICAL TERM
Topical Term Low Cis polymerization
700 ## - ADDED ENTRY--PERSONAL NAME
Personal name Ahmadjo S
700 ## - ADDED ENTRY--PERSONAL NAME
Personal name Jah R Jam
700 ## - ADDED ENTRY--PERSONAL NAME
Personal name Mohebat R
942 ## - ADDED ENTRY ELEMENTS (KOHA)
Koha item type Journals
Holdings
Withdrawn status Lost status Damaged status Not for loan Home library Current library Shelving location Date acquired Serial Enumeration / chronology Koha item type
      Journals RRII Library RRII Library Rubber chemistry 17/12/2021 Volume 77, Issue 4 Journals